|
|
|
|
| LEADER |
00000nab a2200000 a 4500 |
| 001 |
vtls000175639 |
| 003 |
SK-MaSNL |
| 005 |
20260318124819.0 |
| 008 |
160204c1983 xo 0 eng |
| 015 |
|
|
|a SNBRA19rr/mm-uuuuu
|
| 035 |
|
|
|a CL0185752
|
| 040 |
|
|
|a SNKBUCL
|b slo
|c SNKBUCL
|e AACR2
|
| 041 |
0 |
|
|a eng
|
| 044 |
|
|
|a xo
|c SK
|
| 080 |
|
|
|a 539.385:517.93
|2 1981
|
| 080 |
|
|
|a 517.93
|2 1981
|
| 100 |
1 |
|
|a Mamrillová, Anna
|4 aut
|9 276806
|
| 245 |
1 |
0 |
|a On the torsion ef the non-homogeneous anisotropic prismatic bars
|c A. Mamrillová, V. S. Sarkisjan, J. Mamrilla
|
| 300 |
|
|
|b Res. rus., slov., lit. 8 zázn. v ruš., slov.
|
| 650 |
0 |
7 |
|a tyče hranolovité
|2 snkbucl
|9 1294130
|
| 650 |
0 |
7 |
|a diferenciálne rovnice
|2 snkbucl
|9 63334
|
| 655 |
|
7 |
|a články zo zborníkov
|2 snkbucl
|9 166140
|
| 700 |
1 |
|
|a Sarkisjan, V. S.
|4 aut
|9 959864
|
| 700 |
1 |
|
|a Mamrilla, Juraj,
|d 1935-1985
|4 aut
|9 38440
|
| 773 |
0 |
|
|t Acta physica Universitatis Comenianae 23
|d Bratislava : SPN, 1983
|g S. 1-14
|
| 850 |
|
|
|a Slovenská národná knižnica v Martine
|a MTA001
|
| 852 |
|
|
|a SNK
|b KIS3GCP
|
| 958 |
|
|
|a NB
|
| 958 |
|
|
|a RK
|
| 992 |
|
|
|a RZB
|
| 999 |
|
|
|c 2575232
|d 2577162
|